00404nam a2200169 a 4500001001300000003000900013005001700022008004100039020001000080082001600090100001700106245001000123260003900133300001000172500003500182650001700217nice12345678IN_TiNIC20260116011335.0050524s1938 newa grp 000 0 eng  ac10000a297.09bMAS aMasse, Henri aIslam aNew YorkbG.P. Putnam`s Sonsc1938 a270p. aincludes index and biblioraphy aIslam-Origin